| 000 | 01285nam a2200361Ia 4500 | ||
|---|---|---|---|
| 003 | OSt | ||
| 005 | 20221007124605.0 | ||
| 006 | a|||||r|||| 00| 0 | ||
| 007 | ta | ||
| 008 | 221006b |||||||| |||| 00| 0 eng d | ||
| 020 | _a9780199599608 (pbk) | ||
| 024 | _a192453 | ||
| 037 |
_b3923, 04/03/2015, Educational Book Agency (India) _cTextual |
||
| 040 |
_aCDL _cCDL _beng |
||
| 041 |
_2eng _aeng |
||
| 082 | _aE1, N4;Q0;7-;11Carc | ||
| 100 |
_aAtkins Peter _9277344 |
||
| 245 | 0 |
_aShriver and atkins' inogranic chemistry _b Overton Tina Rourke Jonathan Weller Mark Armstrong Fraser |
|
| 250 | _a5 | ||
| 260 |
_aNew _bdelhi OUP _c2010 |
||
| 300 |
_axxiv, 824p. ill. _ccm. |
||
| 500 | _aResource section 783-811p.; Index 813-824p.; Reprint 2014 | ||
| 650 |
_a catalysis _9717744 |
||
| 650 |
_a Hydrogen _9719734 |
||
| 650 |
_a Oxidation and reduction _9719735 |
||
| 650 |
_aMolecular structure and bonding _9719736 |
||
| 700 | _a Armstrong Fraser | ||
| 700 | _a Overton Tina | ||
| 700 | _a Rourke Jonathan | ||
| 700 | _a Weller Mark | ||
| 942 |
_hE1, N4;Q0;7-;11Carc _cTEXL _2CC |
||
| 999 |
_c1213773 _d1213773 |
||